Bundesliga Trainer seit 2010 (mind. 5 Spiele) - Statistiken

Allgemein
  • Dieses Quiz wurde 1.224 mal gespielt
    177 seit der letzten Aktualisierung
  • Das Durchschnittsergebnis liegt bei 118 aus 234
Antwortstatistiken
Verein Trainer Nationalität Anzahl Spiele
(nur Bundesliga)
% Korrekt
Borussia Dortmund Nico Kovac Kroatien 40
94%
FC Bayern München Niko Kovac Kroatien 44
94%
VfL Wolfsburg Niko Kovac Kroatien 60
94%
Eintracht Frankfurt Niko Kovac Kroatien 77
94%
FC Bayern München Pep Guardiola Spanien 102
94%
FC Bayern München Julian Nagelsmann Deutschland 59
93%
TSG 1899 Hoffenheim Julian Nagelsmann Deutschland 116
93%
RasenBallsport Leipzig Julian Nagelsmann Deutschland 68
93%
FC Bayern München Vincent Kompany Belgien 60
92%
FC Bayern München Jupp Heynckes Deutschland 68
90%
FC Bayern München Jupp Heynckes Deutschland 27
90%
Bayer 04 Leverkusen Jupp Heynckes Deutschland 34
90%
FC Bayern München Louis van Gaal Niederlande 29
89%
Borussia Dortmund Jürgen Klopp Deutschland 170
89%
FC Bayern München Thomas Tuchel Deutschland 43
88%
Borussia Dortmund Thomas Tuchel Deutschland 68
88%
1.FSV Mainz 05 Thomas Tuchel Deutschland 136
88%
FC Bayern München Hansi Flick Deutschland 58
86%
FC Bayern München Carlo Ancelotti Italien 40
85%
Bayer 04 Leverkusen Xabi Alonso Spanien 94
84%
Borussia Dortmund Nuri Sahin Türkei 18
83%
Borussia Dortmund Lucien Favre Schweiz 79
80%
Borussia Mönchengladbach Lucien Favre Schweiz 153
80%
TSG 1899 Hoffenheim Sebastian Hoeneß Deutschland 68
80%
VfB Stuttgart Sebastian Hoeneß Deutschland 102
80%
1. FC Heidenheim Frank Schmidt Deutschland 94
79%
Borussia Dortmund Edin Terzic Deutschland 23
78%
Borussia Dortmund Edin Terzic Deutschland 68
78%
FC Schalke 04 Manuel Baum Deutschland 10
78%
FC Augsburg Manuel Baum Deutschland 82
78%
FC Augsburg Manuel Baum Deutschland 14
78%
VfL Wolfsburg Martin Schmidt Schweiz 19
78%
1.FSV Mainz 05 Martin Schmidt Schweiz 81
78%
FC Augsburg Martin Schmidt Schweiz 31
78%
Bayer 04 Leverkusen Roger Schmidt Deutschland 91
78%
SC Freiburg Christian Streich Deutschland 386
77%
Borussia Dortmund Peter Bosz Niederlande 15
75%
Bayer 04 Leverkusen Peter Bosz Niederlande 77
75%
1.FSV Mainz 05 Urs Fischer Schweiz 13
74%
1.FC Union Berlin Urs Fischer Schweiz 147
74%
Borussia Dortmund Marco Rose Deutschland 34
73%
Borussia Mönchengladbach Marco Rose Deutschland 68
73%
RasenBallsport Leipzig Marco Rose Deutschland 90
73%
1.FC Köln Steffen Baumgart Deutschland 84
73%
1.FC Union Berlin Steffen Baumgart Deutschland 45
73%
SC Paderborn 07 Steffen Baumgart Deutschland 34
73%
Borussia Mönchengladbach Dieter Hecking Deutschland 86
72%
VfL Wolfsburg Dieter Hecking Deutschland 126
72%
1.FC Nürnberg Dieter Hecking Deutschland 85
72%
VfL Bochum Dieter Hecking Deutschland 25
72%
Hertha BSC Pal Dardai Ungarn 151
72%
Hertha BSC Pal Dardai Ungarn 29
72%
Hertha BSC Pal Dardai Ungarn 6
72%
Borussia Dortmund Peter Stöger Österreich 19
72%
1.FC Köln Peter Stöger Österreich 116
72%
FC Schalke 04 David Wagner Vereinigte Staaten 36
69%
Eintracht Frankfurt Dino Toppmöller Deutschland 86
69%
1.FSV Mainz 05 Bo Svensson Dänemark 97
68%
1.FC Union Berlin Bo Svensson Dänemark 15
68%
VfL Wolfsburg Felix Magath Deutschland 50
68%
FC Schalke 04 Felix Magath Deutschland 26
68%
Hertha BSC Felix Magath Deutschland 7
68%
FC Augsburg Sandro Wagner Deutschland 12
68%
FC Augsburg Dirk Schuster Deutschland 14
66%
SV Darmstadt 98 Dirk Schuster Deutschland 34
66%
FC Schalke 04 Domenico Tedesco Italien 59
66%
RasenBallsport Leipzig Domenico Tedesco Italien 25
66%
SC Freiburg Julian Schuster Deutschland 60
66%
SV Werder Bremen Ole Werner Deutschland 102
66%
RasenBallsport Leipzig Ole Werner Deutschland 26
66%
Eintracht Frankfurt Thomas Schaaf Deutschland 34
66%
SV Werder Bremen Thomas Schaaf Deutschland 101
66%
Hannover 96 Thomas Schaaf Deutschland 11
66%
VfL Wolfsburg Bruno Labbadia Deutschland 45
65%
VfB Stuttgart Bruno Labbadia Deutschland 89
65%
VfB Stuttgart Bruno Labbadia Deutschland 11
65%
Hertha BSC Bruno Labbadia Deutschland 27
65%
Hamburger SV Bruno Labbadia Deutschland 45
65%
Borussia Mönchengladbach Gerardo Seoane Schweiz 71
65%
Bayer 04 Leverkusen Gerardo Seoane Schweiz 42
65%
VfL Wolfsburg Oliver Glasner Österreich 68
65%
Eintracht Frankfurt Oliver Glasner Österreich 68
65%
TSG 1899 Hoffenheim Ralf Rangnick Deutschland 17
65%
FC Schalke 04 Ralf Rangnick Deutschland 13
65%
RasenBallsport Leipzig Ralf Rangnick Deutschland 34
65%
Borussia Mönchengladbach Eugen Polanski Polen 23
63%
TSG 1899 Hoffenheim Huub Stevens Niederlande 10
63%
FC Schalke 04 Huub Stevens Niederlande 44
63%
FC Schalke 04 Huub Stevens Niederlande 9
63%
VfB Stuttgart Huub Stevens Niederlande 10
63%
VfB Stuttgart Huub Stevens Niederlande 22
63%
Bayer 04 Leverkusen Tayfun Korkut Türkei 11
63%
VfB Stuttgart Tayfun Korkut Türkei 21
63%
Hertha BSC Tayfun Korkut Türkei 13
63%
Hannover 96 Tayfun Korkut Türkei 46
63%
1.FC Köln Lukas Kwasniok Deutschland 26
62%
VfL Wolfsburg Florian Kohfeldt Deutschland 25
58%
SV Werder Bremen Florian Kohfeldt Deutschland 125
58%
Hertha BSC Jürgen Klinsmann Deutschland 9
58%
VfL Wolfsburg Ralph Hasenhüttl Österreich 40
58%
RasenBallsport Leipzig Ralph Hasenhüttl Österreich 68
58%
FC Ingolstadt 04 Ralph Hasenhüttl Österreich 34
58%
TSG 1899 Hoffenheim Pellegrino Matarazzo Vereinigte Staaten 59
57%
VfB Stuttgart Pellegrino Matarazzo Vereinigte Staaten 77
57%
Borussia Mönchengladbach Adi Hütter Österreich 34
56%
Eintracht Frankfurt Adi Hütter Österreich 102
56%
FC Schalke 04 Christian Groß Schweiz 10
56%
VfB Stuttgart Christian Gross Schweiz 7
56%
1.FC Köln Friedhelm Funkel Deutschland 6
56%
Fortuna Düsseldorf Friedhelm Funkel Deutschland 53
56%
Bayer 04 Leverkusen Kasper Hjulmand Dänemark 24
55%
1.FSV Mainz 05 Kasper Hjulmand Dänemark 21
55%
RasenBallsport Leipzig Zsolt Löw Ungarn 7
55%
SV Werder Bremen Daniel Thioune Deutschland 6
54%
VfL Wolfsburg Marc van Bommel Niederlande 9
52%
Hamburger SV Merlin Polzin Deutschland 26
52%
SV Darmstadt 98 Torsten Lieberknecht Deutschland 34
52%
Eintracht Braunschweig Torsten Lieberknecht Deutschland 34
52%
FC Schalke 04 Thomas Reis Deutschland 23
51%
VfL Bochum Thomas Reis Deutschland 40
51%
1.FSV Mainz 05 Bo Henriksen Dänemark 59
50%
FC Schalke 04 Markus Weinzierl Deutschland 34
50%
FC Augsburg Markus Weinzierl Deutschland 136
50%
FC Augsburg Markus Weinzierl Deutschland 37
50%
VfB Stuttgart Markus Weinzierl Deutschland 23
50%
TSG 1899 Hoffenheim Christian Ilzer Österreich 50
49%
Eintracht Frankfurt Armin Veh Deutschland 68
48%
Eintracht Frankfurt Armin Veh Deutschland 25
48%
VfB Stuttgart Armin Veh Deutschland 12
48%
Hamburger SV Armin Veh Deutschland 26
48%
FC Schalke 04 Dimitrios Grammozis Griechenland 11
48%
SV Werder Bremen Horst Steffen Deutschland 20
46%
Holstein Kiel Marcel Rapp Deutschland 34
44%
Hamburger SV Mirko Slomka Deutschland 16
43%
Hannover 96 Mirko Slomka Deutschland 119
43%
TSG 1899 Hoffenheim André Breitenreiter Deutschland 19
42%
FC Schalke 04 André Breitenreiter Deutschland 34
42%
Hannover 96 André Breitenreiter Deutschland 53
42%
SC Paderborn 07 André Breitenreiter Deutschland 34
42%
VfL Wolfsburg Daniel Bauer Deutschland 15
42%
RasenBallsport Leipzig Jesse Marsch Vereinigte Staaten 14
42%
TSG 1899 Hoffenheim Markus Gisdol Deutschland 85
42%
1.FC Köln Markus Gisdol Deutschland 51
42%
Hamburger SV Markus Gisdol Deutschland 48
42%
FC Schalke 04 Roberto Di Matteo Italien 27
42%
FC St. Pauli Alexander Blessin Deutschland 60
41%
Bayer 04 Leverkusen Hannes Wolf Deutschland 8
40%
VfB Stuttgart Hannes Wolf Deutschland 20
40%
Eintracht Frankfurt Albert Riera Spanien 6
39%
Borussia Mönchengladbach Daniel Farke Deutschland 34
38%
1.FSV Mainz 05 Sandro Schwarz Deutschland 79
38%
Hertha BSC Sandro Schwarz Deutschland 28
38%
FC Schalke 04 Frank Kramer Deutschland 10
36%
Arminia Bielefeld Frank Kramer Deutschland 42
36%
SpVgg Greuther Fürth Frank Kramer Deutschland 9
36%
Eintracht Frankfurt Christoph Daum Deutschland 7
35%
FC Augsburg Jos Luhukay Niederlande 34
35%
Hertha BSC Jos Luhukay Niederlande 53
35%
Bayer 04 Leverkusen Robin Dutt Deutschland 28
35%
SV Werder Bremen Robin Dutt Deutschland 43
35%
SC Freiburg Robin Dutt Deutschland 34
35%
Bayer 04 Leverkusen Sami Hyypiä Finnland 29
35%
FC Bayern München Andries Jonker Niederlande 5
34%
VfL Wolfsburg Andries Jonker Niederlande 16
34%
Hamburger SV Christian Titz Deutschland 8
34%
Fortuna Düsseldorf Norbert Meier Deutschland 34
34%
SV Darmstadt 98 Norbert Meier Deutschland 13
34%
FC Augsburg Jess Thorup Dänemark 61
33%
Hamburger SV Thorsten Fink Deutschland 64
33%
SV Werder Bremen Alexander Nouri Deutschland 41
32%
Borussia Mönchengladbach Andre Schubert Deutschland 45
32%
SV Werder Bremen Viktor Skripnik Ukraine 62
32%
Bayer 04 Leverkusen Sascha Lewandowski Deutschland 40
31%
Bayer 04 Leverkusen Sascha Lewandowski Deutschland 5
31%
SpVgg Greuther Fürth Stefan Leitl Deutschland 34
31%
FC Schalke 04 Jens Keller Deutschland 58
29%
VfB Stuttgart Jens Keller Deutschland 9
29%
SpVgg Greuther Fürth Mike Büskens Deutschland 22
28%
Hertha BSC Otto Rehhagel Deutschland 12
28%
VfL Wolfsburg Paul Simonis Niederlande 10
28%
TSG 1899 Hoffenheim Alfred Schreuder Niederlande 30
27%
TSG 1899 Hoffenheim Markus Babbel Deutschland 29
26%
Hertha BSC Markus Babbel Deutschland 17
26%
TSG 1899 Hoffenheim Holger Stanislawski Deutschland 20
25%
FC St. Pauli Holger Stanislawski Deutschland 34
25%
VfL Wolfsburg Valerien Ismael Frankreich 15
25%
1.FSV Mainz 05 Achim Beierlorzer Deutschland 25
24%
1.FC Köln Achim Beierlorzer Deutschland 11
24%
FC Augsburg Enrico Maaßen Deutschland 41
24%
Bayer 04 Leverkusen Heiko Herrlich Deutschland 51
24%
FC Augsburg Heiko Herrlich Deutschland 40
24%
Hertha BSC Ante Covic Kroatien 12
23%
Borussia Mönchengladbach Michael Frontzeck Deutschland 22
23%
Hannover 96 Michael Frontzeck Deutschland 22
23%
1.FC Union Berlin Nenad Bjelica Kroatien 20
23%
VfL Bochum Thomas Letsch Deutschland 55
23%
VfB Stuttgart Alexander Zorniger Deutschland 13
22%
Hamburger SV Bert van Marwijk Niederlande 15
22%
Hannover 96 Thomas Doll Deutschland 15
22%
SV Darmstadt 98 Torsten Frings Deutschland 18
22%
VfB Stuttgart Michael Wimmer Deutschland 6
21%
1.FC Köln Timo Schultz Deutschland 18
21%
Hamburger SV Bernd Hollerbach Deutschland 7
20%
Arminia Bielefeld Uwe Neuhaus Deutschland 22
20%
Fortuna Düsseldorf Uwe Rösler Deutschland 15
19%
SC Freiburg Marcus Sorg Deutschland 17
18%
1.FC Köln Staale Solbakken Norwegen 30
18%
VfL Wolfsburg Steve McClaren England 21
18%
VfB Stuttgart Thomas Schneider Deutschland 21
18%
1.FSV Mainz 05 Jan-Moritz Lichte Deutschland 11
16%
Eintracht Frankfurt Michael Skibbe Deutschland 27
16%
Hertha BSC Michael Skibbe Deutschland 4
16%
VfL Bochum Peter Zeidler Deutschland 7
16%
1.FC Kaiserslautern Krasimir Balakov Bulgarien 8
15%
1.FC Köln Stefan Ruthenbeck Deutschland 20
15%
1.FC Nürnberg Gertjan Verbeek Niederlande 22
14%
1.FSV Mainz 05 Jan Siewert Deutschland 12
14%
TSG 1899 Hoffenheim Marco Kurz Deutschland 10
14%
1.FC Kaiserslautern Marco Kurz Deutschland 60
14%
Hamburger SV Michael Oenning Deutschland 14
14%
FC Ingolstadt 04 Markus Kauczinski Deutschland 10
13%
1.FC Nürnberg Boris Schommers Deutschland 13
12%
Hannover 96 Daniel Stendel Deutschland 6
12%
Hamburger SV Joe Zinnbauer Deutschland 23
12%
1.FC Köln Zvonimir Soldo Kroatien 9
12%
VfB Stuttgart Jürgen Kramny Deutschland 21
11%
FC Ingolstadt 04 Maik Walpurgis Deutschland 24
11%
VfL Bochum Heiko Butscher Deutschland 6
10%
1.FC Nürnberg Michael Köllner Deutschland 21
10%
VfL Wolfsburg Pierre Littbarski Deutschland 5
10%
VfL Wolfsburg Lorenz-Günther Köstner Deutschland 9
8%
TSG 1899 Hoffenheim Marco Pezzaiuoli Deutschland 17
8%
1.FC Nürnberg Michael Wiesinger Deutschland 25
8%
1.FC Köln Frank Schaefer Deutschland 22
7%
Keine übereinstimmenden Quizze gefunden
Verteilung der Resultate
Anzahl Personen mit jedem Resultat
Perzentil nach korrekt beantworteten Fragen
Ihre Resultats-Entwicklung
Sie haben dieses Quiz seit der letzten Aktualisierung nicht gespielt